000 01241cam a2200217 4500
001 ABS68189
008 040914n2004 000 0 eng u
035 _a(Sirsi) u127396
100 _aDavison, R.
245 _aAvoiding disputes - is latent defects insurance feasible for large projects?
260 _c2004
490 _aConstruction Law Review
_v 2004, 36-38(2)
520 _aAssesses the problem for the construction industry of the level of disputes generated by disagreement over the liability for defective work. Often disputes arise as to where liability for a defect lies. Poor workmanship, materials, design or inadequacies by specialist subcontractors or suppliers can be blamed. The project client is often left to make repairs at his own expense and then claim compensation from other parties. Looks at the use of Latent Defects Insurance as a solution to this. Concludes, although cost of such cover may be prohibitive, it is worth considering for large construction projects outside PFI schemes.
590 _aABS
590 _aABS
650 _aLATENT DEFECTS INSURANCE
650 _aSUBCONTRACTORS
650 _aCONSTRUCTION PROJECTS
690 _aBUILDING AND CONSTRUCTION-DEFECTS AND FAILURES
942 _n0
999 _c117996
_d117996